000
00286nam a22001337a 4500
008
171006b xxu||||| |||| 00| 0 eng d
020
_a
9780073515298
041
_a
eng
080
_a
159.9
100
_a
49
101
_a
PSI
245
_a
TAKING SIDES
_c
WHITE, J.W
942
_2
udc
_c
BK
999
_c
32411
_d
32411